| 000 | 00354nam a22001337a 4500 | ||
|---|---|---|---|
| 008 | 231205b |||||||| |||| 00| 0 eng d | ||
| 020 | _a8186819010 | ||
| 082 | _a657.2 GRE | ||
| 100 | _aGrewal, T.S. | ||
| 245 | _aDouble Entry Book keeping | ||
| 260 |
_aNew Delhi : _bM/s sultan Chnad & Sons (P) Ltd, _c2002. |
||
| 300 |
_a16.32 p: _c23 Cm. |
||
| 942 | _2ddc | ||
| 999 |
_c9759 _d9760 |
||